Yungblud - Polygraph Eyes - All lyrics - Statistics

General Stats
  • This quiz has been taken 16 times
  • The average score is 428 of 536
Answer Stats
Answer % Correct
I
100%
She
100%
she
100%
with
100%
ya,
100%
ya
100%
you
100%
a
91%
A
91%
But
91%
can't
91%
Can't
91%
even
91%
He
91%
he
91%
mate
91%
mate,
91%
mate)
91%
me
91%
want
91%
was
91%
When
91%
when
91%
an
82%
And
82%
and
82%
are
82%
around
82%
at
82%
doesn't
82%
Don't
82%
everyday
82%
for
82%
from
82%
Get
82%
getting
82%
girl
82%
girl,
82%
go
82%
hear
82%
heavy
82%
her
82%
home
82%
Home
82%
Leave
82%
leave
82%
(Leave
82%
Milky
82%
my
82%
no
82%
No
82%
on
82%
see
82%
space,
82%
talk
82%
teenage
82%
the
82%
to
82%
walk
82%
Way
82%
Absent
73%
all
73%
alone,
73%
anymore
73%
away
73%
bad
73%
best
73%
Blisters
73%
boyfriend
73%
Cheers,
73%
cliché
73%
dance
73%
dancing
73%
eyes
73%
floor
73%
fun
73%
happens
73%
Here
73%
here,
73%
his
73%
His
73%
house
73%
I'll
73%
in
73%
In
73%
it
73%
Just
73%
know
73%
last
73%
leaves
73%
looks
73%
love,
73%
love
73%
midnight
73%
morning
73%
next
73%
night
73%
of
73%
parents
73%
romancing
73%
Saturday
73%
shop,
73%
Too
73%
Turn
73%
unsteady
73%
We
73%
what
73%
your
73%
about
64%
ain't
64%
bit
64%
bleeding
64%
buy
64%
candles
64%
cheap
64%
couldn't
64%
had
64%
have
64%
hour
64%
lit
64%
lungs
64%
many
64%
Meets
64%
one
64%
polygraph
64%
pressure
64%
queue
64%
regret
64%
room
64%
sheets
64%
side,
64%
side
64%
some
64%
speaks
64%
stranger
64%
top
64%
understand
64%
up
64%
white
64%
wine
64%
you're
64%
blue,
55%
boots,
55%
Crying
55%
Daylight
55%
door
55%
happened
55%
happy
55%
him
55%
made
55%
mind,
55%
name
55%
not
55%
real
55%
run
55%
sight
55%
slag
55%
slag)
55%
slurs
55%
soles
55%
synths
55%
turns
55%
wakes
55%
walks
55%
where
55%
Zack
55%
explain
45%
front
45%
life
45%
scented
45%
straight
45%
stumbles
45%
this
45%
tried
45%
absinthe,
36%
antiseptic
36%
avoid
36%
blokes
36%
domestic
36%
foreign
36%
(Fuckin'
36%
give
36%
head
36%
lie
36%
says,
36%
shouting
36%
forensic,
27%
Gotta
18%
Cause,
9%
Yeah,
9%
No matching quizzes found
Score Distribution
Percent of People with Each Score
Percentile by Number Answered
Your Score History
You have not taken this quiz